000 00524nam a22001817a 4500
003 KOHA_MİRAKIL
005 20251224155610.0
008 251224b tu ||||| |||| 00| 0 tur d
020 _a9789751758101
040 _aTR-AnABB
_btur
_cTR-AnABB
041 _atur
082 _a956.1015
_bOSM 2024
245 1 0 _aOsmanlı - Güneydoğu Asya ilişkileri üzerine araştırmalar /
260 _aAnkara :
_bYTB yayınları,
_c2024
300 _a236 sayfa ;
_c24 cm
650 0 4 _aOsmanlı araştırmaları
942 _2ddc
_cBK
999 _c9957
_d9957
900 _bGizem YORULMAZ